<?xml version="1.0" encoding="UTF-8"?>
<record
    xmlns:xsi="http://www.w3.org/2001/XMLSchema-instance"
    xsi:schemaLocation="http://www.loc.gov/MARC21/slim http://www.loc.gov/standards/marcxml/schema/MARC21slim.xsd"
    xmlns="http://www.loc.gov/MARC21/slim">

  <leader>00800nam a2200169   4500</leader>
  <controlfield tag="001">14048</controlfield>
  <controlfield tag="005">20260326111137.0</controlfield>
  <datafield tag="010" ind1=" " ind2=" ">
    <subfield code="a">9782842609900</subfield>
  </datafield>
  <datafield tag="090" ind1=" " ind2=" ">
    <subfield code="a">14048</subfield>
  </datafield>
  <datafield tag="099" ind1=" " ind2=" ">
    <subfield code="o">0</subfield>
  </datafield>
  <datafield tag="100" ind1=" " ind2=" ">
    <subfield code="a">20260326d        u||y0frey50      ba</subfield>
  </datafield>
  <datafield tag="200" ind1=" " ind2=" ">
    <subfield code="a">La Clairi&#xE8;re</subfield>
    <subfield code="b">LIVR</subfield>
  </datafield>
  <datafield tag="214" ind1=" " ind2=" ">
    <subfield code="c">&#xE9;ditions th&#xE9;&#xE2;trales</subfield>
  </datafield>
  <datafield tag="323" ind1=" " ind2=" ">
    <subfield code="a">8 personnages</subfield>
  </datafield>
  <datafield tag="330" ind1=" " ind2=" ">
    <subfield code="a">Le mur d'une r&#xE9;sidence s&#xE9;curis&#xE9;e s&#x2019;effondre, exposant ses habitants &#xE0; un monde per&#xE7;u comme hostile. Propri&#xE9;taires et locataires s&#x2019;organisent ou fuient. Perrine recueille Karol, un inconnu de la for&#xEA;t, d&#xE9;clenchant craintes et conflits. Face &#xE0; la multiplication des disparitions de murs dans le pays, un compromis &#xE9;merge par la construction d'un mur en bordure de for&#xEA;t, symbole protecteur.</subfield>
  </datafield>
  <datafield tag="610" ind1=" " ind2=" ">
    <subfield code="a">intimit&#xE9;</subfield>
    <subfield code="a">humour</subfield>
    <subfield code="a">couple</subfield>
  </datafield>
  <datafield tag="700" ind1=" " ind2=" ">
    <subfield code="a">Jaubertie</subfield>
    <subfield code="b">St&#xE9;phane</subfield>
  </datafield>
  <datafield tag="995" ind1=" " ind2=" ">
    <subfield code="2">0</subfield>
    <subfield code="5">2026-03-26</subfield>
    <subfield code="9">13939</subfield>
    <subfield code="c">JOL</subfield>
    <subfield code="f">JOL-007748</subfield>
    <subfield code="k">TH JAU 8</subfield>
    <subfield code="o">0</subfield>
    <subfield code="b">JOL</subfield>
    <subfield code="r">LIVR</subfield>
  </datafield>
</record>
